Normal view
MARC view
- Religion & Families an Introduction
Entry Topical Term
001 - CONTROL NUMBER
- control field: 69514
003 - CONTROL NUMBER IDENTIFIER
- control field: NUST
005 - DATE AND TIME OF LATEST TRANSACTION
- control field: 20210628204236.0
008 - FIXED-LENGTH DATA ELEMENTS
- fixed length control field: 210628|| aca||aabn | a|a d
040 ## - CATALOGING SOURCE
- Original cataloging agency: NUST
- Transcribing agency: NUST
150 ## - HEADING--TOPICAL TERM
- Topical term or geographic name entry element: Religion & Families an Introduction
670 ## - SOURCE DATA FOUND
- Source citation: Work cat.: (NUST): Marks, Loren D. 69513, Religion and families: an introduction, 2017
